[Event "GER-ch Seniors 65 34th"]
[Site "Magdeburg"]
[Date "2022.08.19"]
[Round "8"]
[White "Heinig, Wolfram"]
[Black "Waagener, Ulrich"]
[Result "1-0"]
[WhiteElo "2244"]
[BlackElo "2114"]
[PlyCount "57"]
[EventDate "2022.08.12"]
[EventType "swiss"]
[EventRounds "9"]
[EventCountry "GER"]
[SourceTitle "CBM 209 Extra"]
[Source "ChessBase"]
[SourceDate "2022.09.30"]
[SourceVersion "1"]
[SourceVersionDate "2022.09.30"]
[SourceQuality "1"]

1. d4 d5 2. c4 dxc4 3. e4 c5 4. d5 b5 5. a4 Nf6 6. f3 b4 7. Bxc4 e6 8. Bb5+ Nfd7 9. dxe6 fxe6 10. a5 a6 11. Ba4 Qf6 12. Nd2 Be7 13. Nc4 0-0 14. Nh3 Qh4+ 15. Nf2 Rd8 16. Qc2 Bb7 17. 0-0 Nc6 18. Be3 Nd4 19. Bxd4 cxd4 20. Bxd7 Rxd7 21. Nb6 Bd6 22. g3 Bxg3 23. Nd3 Rc7 24. hxg3 Qxg3+ 25. Qg2 Qxg2+ 26. Kxg2 Rf8 27. Rac1 Rcf7 28. Ne5 Re7 29. Rc4 1-0

[Event "GER-ch Seniors 65"]
[Site "Hamburg"]
[Date "2018.07.29"]
[Round "9"]
[White "Waagener, Ulrich"]
[Black "Prill, Gerhard"]
[Result "1-0"]
[WhiteElo "2112"]
[BlackElo "1936"]
[PlyCount "113"]
[EventDate "2018.07.21"]
[EventType "swiss"]
[EventRounds "9"]
[EventCountry "GER"]
[SourceTitle "CBM 186 Extra"]
[Source "ChessBase"]
[SourceDate "2018.08.24"]
[SourceVersion "1"]
[SourceVersionDate "2018.08.24"]
[SourceQuality "1"]

1. e4 e5 2. Nf3 Nc6 3. c3 d5 4. exd5 Qxd5 5. d4 exd4 6. cxd4 Bg4 7. Be2 Bb4+ 8. Nc3 Bxf3 9. Bxf3 Qc4 10. Bxc6+ bxc6 11. Qe2+ Qxe2+ 12. Kxe2 0-0-0 13. Be3 Nf6 14. Rhc1 Rhe8 15. Kf3 Re6 16. Nd1 Ba5 17. Rc4 Rd5 18. g3 Bb6 19. Rac1 Kd7 20. b4 a6 21. Nb2 Rh5 22. h4 Rf5+ 23. Kg2 Nd5 24. Re1 Ref6 25. Nd3 Re6 26. Ne5+ Rfxe5 27. dxe5 Rxe5 28. Kf3 h6 29. Re2 Rf5+ 30. Ke4 Rf6 31. Bc5 g5 32. hxg5 hxg5 33. Kd3 Rf3+ 34. Kc2 Ra3 35. Kb2 Rf3 36. Rc1 f6 37. Rec2 Bxc5 38. bxc5 Nb4 39. Rd2+ Kc8 40. Rc3 Rf5 41. Rb3 a5 42. Rc3 Na6 43. Ka3 Kb7 44. Rb2+ Kc8 45. f3 Nxc5 46. g4 Rd5 47. Rbc2 Na6 48. Rxc6 Kb7 49. Rxf6 Nb4 50. Rg2 Rb5 51. Rf5 Rb6 52. Rxg5 Ka6 53. Rc5 c6 54. g5 Nd3 55. Rc3 Nb4 56. g6 Nd5 57. Rb3 1-0

[Event "GER-chA Seniors 28th"]
[Site "Niederhausen"]
[Date "2016.08.21"]
[Round "9"]
[White "Vasiljev, Jurij"]
[Black "Waagener, Ulrich"]
[Result "1/2-1/2"]
[WhiteElo "2052"]
[BlackElo "2150"]
[PlyCount "85"]
[EventDate "2016.08.13"]
[EventType "swiss"]
[EventRounds "9"]
[EventCountry "GER"]
[SourceTitle "EXT 2019"]
[Source "ChessBase"]
[SourceDate "2018.10.10"]
[SourceVersion "1"]
[SourceVersionDate "2018.10.10"]
[SourceQuality "1"]

1. d4 d5 2. c4 dxc4 3. Nf3 c6 4. e3 Be6 5. Ne5 Nf6 6. Nxc4 g6 7. Nc3 Bg7 8. Bd2 c5 9. dxc5 Na6 10. c6 bxc6 11. Ne5 Nb8 12. Qa4 0-0 13. Nxc6 Nxc6 14. Qxc6 Nd5 15. Qa4 Rb8 16. Nxd5 Rxb2 17. Nxe7+ Kh8 18. Rd1 Qxe7 19. Be2 Rd8 20. Ba5 Rxd1+ 21. Bxd1 Rxa2 22. Qb5 h6 23. 0-0 Qg5 24. Qb8+ Kh7 25. Bd8 Qe5 26. Bc7 Qb2 27. Qxb2 Rxb2 28. Bf3 Rc2 29. Bd8 Bc3 30. h4 h5 31. Be4 Rd2 32. Be7 a5 33. Rc1 Be5 34. f4 Bg7 35. Rc5 f5 36. Bc6 Bd7 37. Bg5 Bxc6 38. Rxc6 Rd7 39. Ra6 Bc3 40. Kf2 Kg7 41. Kf3 Kf7 42. Rc6 Bg7 43. Ra6 1/2-1/2

[Event "GER-chA Seniors 28th"]
[Site "Niederhausen"]
[Date "2016.08.20"]
[Round "8"]
[White "Waagener, Ulrich"]
[Black "Lomer, Edmund"]
[Result "1-0"]
[WhiteElo "2150"]
[BlackElo "2050"]
[PlyCount "61"]
[EventDate "2016.08.13"]
[EventType "swiss"]
[EventRounds "9"]
[EventCountry "GER"]
[SourceTitle "EXT 2019"]
[Source "ChessBase"]
[SourceDate "2018.10.10"]
[SourceVersion "1"]
[SourceVersionDate "2018.10.10"]
[SourceQuality "1"]

1. d4 Nf6 2. Bg5 d5 3. Bxf6 exf6 4. e3 c6 5. Bd3 Bd6 6. Qf3 Be6 7. Ne2 Qb6 8. b3 a5 9. Nbc3 Na6 10. a3 Qc7 11. e4 dxe4 12. Nxe4 Qe7 13. Nxd6+ Qxd6 14. c4 Qd7 15. h3 Nc7 16. 0-0 0-0 17. Rfd1 Qc8 18. Ng3 Rd8 19. Rac1 Ne8 20. d5 Bd7 21. Re1 g6 22. Qf4 Kg7 23. Bb1 Qb8 24. Qh4 cxd5 25. Re7 Qd6 26. Rce1 Be6 27. R1xe6 Qxa3 28. Re1 Qxb3 29. Rxf7+ Kxf7 30. Qxh7+ Ng7 31. Bxg6+ 1-0

[Event "GER-chA Seniors 28th"]
[Site "Niederhausen"]
[Date "2016.08.15"]
[Round "3"]
[White "Kalepky, Helmut"]
[Black "Waagener, Ulrich"]
[Result "0-1"]
[WhiteElo "2023"]
[BlackElo "2150"]
[PlyCount "68"]
[EventDate "2016.08.13"]
[EventType "swiss"]
[EventRounds "9"]
[EventCountry "GER"]
[SourceTitle "EXT 2019"]
[Source "ChessBase"]
[SourceDate "2018.10.10"]
[SourceVersion "1"]
[SourceVersionDate "2018.10.10"]
[SourceQuality "1"]

1. e4 c5 2. Nf3 a6 3. Nc3 b5 4. d4 cxd4 5. Nxd4 e6 6. Bd3 Qb6 7. Be3 Bc5 8. Nce2 Nf6 9. c3 Ng4 10. Qd2 Nxe3 11. Qxe3 e5 12. b4 exd4 13. bxc5 dxe3 14. cxb6 exf2+ 15. Kxf2 Nc6 16. a4 Ne5 17. Ke3 bxa4 18. Rxa4 Bb7 19. Rha1 Nxd3 20. Kxd3 0-0 21. g3 Rfe8 22. Nf4 Re5 23. Rd4 Bc6 24. c4 a5 25. Nd5 h5 26. h4 Kh7 27. c5 f5 28. Nc7 fxe4+ 29. Ke2 Rf8 30. Rxa5 Ref5 31. Rd1 Rf3 32. Rg1 Rf2+ 33. Ke1 Rb2 34. Ra3 Rb1+ 0-1

[Event "Niederrhein-ch"]
[Site "Solingen"]
[Date "2016.03.23"]
[Round "5"]
[White "Heinert, Eugen"]
[Black "Waagener, Ulrich"]
[Result "1-0"]
[WhiteElo "2112"]
[BlackElo "2019"]
[PlyCount "63"]
[EventDate "2016.03.19"]
[EventType "swiss"]
[EventRounds "7"]
[EventCountry "GER"]
[SourceTitle "EXT 2018"]
[Source "ChessBase"]
[SourceDate "2017.10.13"]
[SourceVersion "1"]
[SourceVersionDate "2017.10.13"]
[SourceQuality "1"]

1. d4 Nf6 2. Bg5 e6 3. e4 h6 4. Bxf6 Qxf6 5. c3 d6 6. Bd3 Nd7 7. Ne2 e5 8. 0-0 g5 9. Nd2 Bg7 10. Nc4 Nb6 11. Ne3 Bd7 12. a4 a5 13. Ng3 Qg6 14. Ngf5 h5 15. Qb3 Be6 16. Nxd6+ cxd6 17. Qxb6 0-0 18. d5 Bc8 19. Nc4 Ra6 20. Qc7 f5 21. exf5 Bxf5 22. Bxf5 Qxf5 23. Qxb7 Raa8 24. Nxd6 Qc2 25. Nb5 Rab8 26. Qe7 Bf6 27. Qa3 e4 28. Rac1 Qe2 29. Qb3 Rbe8 30. Qc2 Qg4 31. f3 exf3 32. Rxf3 1-0

[Event "Dortmund Sparkassen op-A"]
[Site "Dortmund"]
[Date "2015.07.01"]
[Round "5"]
[White "Biermann, Florian"]
[Black "Waagener, Ulrich"]
[Result "0-1"]
[WhiteElo "1759"]
[BlackElo "2176"]
[PlyCount "76"]
[EventDate "2015.06.27"]
[EventType "swiss"]
[EventRounds "9"]
[EventCountry "GER"]
[SourceTitle "CBM 167 Extra"]
[Source "ChessBase"]
[SourceDate "2015.09.14"]
[SourceVersion "1"]
[SourceVersionDate "2015.09.14"]
[SourceQuality "1"]

1. Nf3 Nf6 2. g3 d5 3. c4 d4 4. d3 Nc6 5. Bg2 e5 6. 0-0 Bd6 7. Na3 h6 8. Nc2 0-0 9. b4 Nxb4 10. Nxb4 Bxb4 11. Nxe5 Bc3 12. Rb1 Re8 13. Nf3 c5 14. Bd2 Bxd2 15. Nxd2 Rb8 16. Re1 b6 17. Ne4 Nxe4 18. Bxe4 Bb7 19. Bxb7 Rxb7 20. a4 Rbe7 21. Qd2 Re5 22. a5 R8e6 23. axb6 axb6 24. e4 dxe3 25. Rxe3 Rxe3 26. fxe3 Qg5 27. Re1 h5 28. Qf2 h4 29. d4 hxg3 30. hxg3 Rf6 31. Qg2 g6 32. Qa8+ Kg7 33. Qg2 cxd4 34. exd4 Qg4 35. Re4 Qd1+ 36. Kh2 g5 37. Qe2 Rh6+ 38. Kg2 Qh1+ 0-1

[Event "Dortmund Sparkassen op-A"]
[Site "Dortmund"]
[Date "2015.06.30"]
[Round "4"]
[White "Waagener, Ulrich"]
[Black "Podzielny, Karl Heinz"]
[Result "0-1"]
[WhiteElo "2176"]
[BlackElo "2448"]
[PlyCount "97"]
[EventDate "2015.06.27"]
[EventType "swiss"]
[EventRounds "9"]
[EventCountry "GER"]
[SourceTitle "CBM 167 Extra"]
[Source "ChessBase"]
[SourceDate "2015.09.14"]
[SourceVersion "1"]
[SourceVersionDate "2015.09.14"]
[SourceQuality "1"]

1. d4 Nf6 2. Bg5 c5 3. dxc5 Na6 4. Nc3 Nxc5 5. Bxf6 gxf6 6. e3 e6 7. Nf3 Qb6 8. Rb1 f5 9. Nd4 Bg7 10. b4 Ne4 11. Nxe4 fxe4 12. Be2 d5 13. 0-0 Bd7 14. c3 Rc8 15. Qb3 e5 16. Nc2 Be6 17. Na3 0-0 18. Rfe1 Rc6 19. Bb5 Rc7 20. Qb2 Rfc8 21. Rbc1 a6 22. Bf1 f5 23. g3 f4 24. Qd2 fxe3 25. fxe3 Bh6 26. c4 dxc4 27. Nxc4 Rxc4 28. Bxc4 Rxc4 29. Rxc4 Bxc4 30. Qc3 Qe6 31. a4 b5 32. axb5 axb5 33. Ra1 Qd5 34. Kf2 Qd3 35. Qe1 Qd7 36. Kg1 Qf5 37. Ra8+ Bf8 38. Ra1 Qf3 39. Ra8 Be6 40. Ra1 Bh3 41. Qd2 Kh8 42. Rb1 h5 43. Qf2 Kg7 44. Rc1 Bxb4 45. Qxf3 exf3 46. Rb1 Bd2 47. Kf2 b4 48. Kxf3 Kf6 49. Rb2 0-1

[Event "GER-chA Seniors 26th"]
[Site "Bad Neuenahr"]
[Date "2014.08.13"]
[Round "9"]
[White "Waagener, Ulrich"]
[Black "Klein, Gernot"]
[Result "1/2-1/2"]
[WhiteElo "2218"]
[BlackElo "1926"]
[PlyCount "67"]
[EventDate "2014.08.05"]
[EventType "swiss"]
[EventRounds "9"]
[EventCountry "GER"]
[SourceTitle "EXT 2018"]
[Source "ChessBase"]
[SourceDate "2017.10.13"]
[SourceVersion "1"]
[SourceVersionDate "2017.10.13"]
[SourceQuality "1"]

1. e4 c5 2. Nf3 e6 3. d4 cxd4 4. Nxd4 a6 5. Nd2 d6 6. Bd3 Nf6 7. 0-0 Be7 8. c3 0-0 9. f4 Nbd7 10. N2f3 Qc7 11. Qe2 Nc5 12. Bc2 e5 13. Nf5 Bxf5 14. exf5 e4 15. Ng5 Rfe8 16. Kh1 d5 17. Be3 Rad8 18. Bd4 Ncd7 19. g4 Bc5 20. Rad1 h6 21. Nh3 e3 22. Rg1 Ne4 23. Qxe3 Ng5 24. Qg3 Nxh3 25. Qxh3 Bxd4 26. Rxd4 Nf6 27. g5 hxg5 28. fxg5 Ne4 29. Bxe4 dxe4 30. g6 Qf4 31. gxf7+ Kxf7 32. Qh5+ Kg8 33. Rxg7+ Kxg7 34. Qg6+ 1/2-1/2

[Event "GER-chA Seniors 26th"]
[Site "Bad Neuenahr"]
[Date "2014.08.12"]
[Round "8"]
[White "Manthey, Juergen"]
[Black "Waagener, Ulrich"]
[Result "1/2-1/2"]
[WhiteElo "2017"]
[BlackElo "2218"]
[PlyCount "140"]
[EventDate "2014.08.05"]
[EventType "swiss"]
[EventRounds "9"]
[EventCountry "GER"]
[SourceTitle "EXT 2018"]
[Source "ChessBase"]
[SourceDate "2017.10.13"]
[SourceVersion "1"]
[SourceVersionDate "2017.10.13"]
[SourceQuality "1"]

1. c4 c6 2. g3 d5 3. Nf3 dxc4 4. Bg2 Nd7 5. 0-0 Ngf6 6. Na3 Nb6 7. Qc2 Qd5 8. b3 cxb3 9. axb3 g6 10. Nc4 Nxc4 11. bxc4 Qe6 12. d3 Bg7 13. Be3 Ng4 14. Bd4 Bxd4 15. Nxd4 Qd6 16. Nb3 0-0 17. c5 Qc7 18. Ra4 e5 19. Nd2 Be6 20. Ne4 Bd5 21. h3 Bxe4 22. Bxe4 Nf6 23. Bf3 a6 24. Rh4 Kg7 25. Qd2 Ng8 26. Rb1 Rfd8 27. Qb2 Ra7 28. Re4 f6 29. Rb4 Rd7 30. d4 Ne7 31. e4 a5 32. Ra4 Ra8 33. Bg4 Rxd4 34. Rxd4 exd4 35. Qxb7 Qxb7 36. Rxb7 Kf8 37. Rd7 a4 38. Rxd4 a3 39. Rd1 Ra4 40. Bf3 Rc4 41. Ra1 Rc3 42. Kg2 Kf7 43. Bd1 Ke6 44. f4 Nc8 45. Bg4+ f5 46. exf5+ gxf5 47. Bf3 Na7 48. g4 Kd7 49. g5 Nb5 50. Be2 Rc2 51. Kf1 a2 52. Bd3 Rd2 53. Bxf5+ Ke7 54. Re1+ Kf8 55. Be6 Nd4 56. Bxa2 Rxa2 57. Rd1 Ra4 58. Kf2 Ke7 59. Re1+ Kf7 60. Kg3 Ne6 61. Re5 Rc4 62. h4 Nxc5 63. f5 Ne4+ 64. Kf3 Nd2+ 65. Ke3 Nb3 66. h5 c5 67. f6 Rg4 68. Kf3 Rg1 69. Kf2 Rg4 70. Kf3 Rg1 1/2-1/2

[Event "GER-chA Seniors 26th"]
[Site "Bad Neuenahr"]
[Date "2014.08.11"]
[Round "7"]
[White "Waagener, Ulrich"]
[Black "Hess, Christian"]
[Result "1/2-1/2"]
[WhiteElo "2218"]
[BlackElo "2215"]
[PlyCount "52"]
[EventDate "2014.08.05"]
[EventType "swiss"]
[EventRounds "9"]
[EventCountry "GER"]
[SourceTitle "EXT 2018"]
[Source "ChessBase"]
[SourceDate "2017.10.13"]
[SourceVersion "1"]
[SourceVersionDate "2017.10.13"]
[SourceQuality "1"]

1. e4 c6 2. d4 d5 3. Nc3 dxe4 4. Nxe4 Bf5 5. Ng3 Bg6 6. Nh3 e6 7. Nf4 Bd6 8. c3 Nf6 9. Bc4 Nbd7 10. Qf3 0-0 11. Nxg6 hxg6 12. Bg5 Qa5 13. h4 Bxg3 14. Qxg3 c5 15. dxc5 Qxc5 16. Bb3 Ne4 17. Qf4 Nxg5 18. hxg5 Qe5+ 19. Qxe5 Nxe5 20. Ke2 Rfd8 21. Rh3 Kf8 22. Rah1 Rac8 23. f4 Nc6 24. Re3 Na5 25. Rh8+ Ke7 26. Rh7 Nxb3 1/2-1/2

[Event "Niederrhein-ch"]
[Site "Krefeld"]
[Date "2013.03.29"]
[Round "7"]
[White "Waagener, Ulrich"]
[Black "Goerke, Joachim"]
[Result "0-1"]
[WhiteElo "1996"]
[BlackElo "1964"]
[PlyCount "118"]
[EventDate "2013.03.23"]
[EventType "swiss"]
[EventRounds "7"]
[EventCountry "GER"]
[SourceTitle "EXT 2015"]
[Source "ChessBase"]
[SourceDate "2014.11.20"]
[SourceVersion "1"]
[SourceVersionDate "2014.11.20"]
[SourceQuality "1"]

1. e4 e6 2. Nc3 c5 3. Nf3 Nc6 4. d4 cxd4 5. Nxd4 d6 6. g4 h6 7. Be3 Nf6 8. h3 Be7 9. Qd2 a6 10. f4 Qc7 11. g5 hxg5 12. fxg5 Ng4 13. Nxc6 bxc6 14. Be2 Nxe3 15. Qxe3 e5 16. h4 Rb8 17. 0-0-0 Qb7 18. b3 Be6 19. Kb2 a5 20. Rdg1 Qb6 21. Qxb6 Rxb6 22. Bg4 Bxg4 23. Rxg4 g6 24. Ne2 Kd7 25. Ng3 d5 26. Rf1 Ke6 27. Rh1 Rbb8 28. Rd1 Bc5 29. Rf1 Be7 30. Rd1 Rh7 31. Rf1 Rbh8 32. Rh1 d4 33. Nf1 Bb4 34. Ng3 Bd2 35. Ne2 Be3 36. Rh2 Rh5 37. Ng1 Rxg5 38. Rxg5 Bxg5 39. Nf3 Bf4 40. Rg2 Rg8 41. Ka3 f6 42. Ka4 Kf7 43. Rf2 Rd8 44. Kxa5 Ra8+ 45. Kb4 Rxa2 46. Kc4 c5 47. Re2 g5 48. hxg5 fxg5 49. Ne1 g4 50. Rg2 Ra1 51. Nd3 g3 52. Kxc5 Kf6 53. b4 Kg5 54. b5 Kg4 55. b6 Rb1 56. Kc6 Kf3 57. Ne1+ Rxe1 58. b7 Rb1 59. Rg1 Rb2 0-1

[Event "Niederrhein-ch"]
[Site "Krefeld"]
[Date "2013.03.28"]
[Round "6"]
[White "Hagen, Peter"]
[Black "Waagener, Ulrich"]
[Result "0-1"]
[WhiteElo "2057"]
[BlackElo "1996"]
[PlyCount "70"]
[EventDate "2013.03.23"]
[EventType "swiss"]
[EventRounds "7"]
[EventCountry "GER"]
[SourceTitle "EXT 2015"]
[Source "ChessBase"]
[SourceDate "2014.11.20"]
[SourceVersion "1"]
[SourceVersionDate "2014.11.20"]
[SourceQuality "1"]

1. e4 c5 2. Nc3 e6 3. g3 Nc6 4. Bg2 Nge7 5. Nge2 g6 6. d4 cxd4 7. Nxd4 a6 8. Be3 Bg7 9. Qd2 Ne5 10. Qe2 b5 11. 0-0 0-0 12. f4 Nc4 13. f5 Nc6 14. Nxc6 dxc6 15. Rad1 Qe7 16. fxg6 hxg6 17. e5 Nxb2 18. Rd6 Bxe5 19. Rxc6 Bb7 20. Bc5 Qxc5+ 21. Rxc5 Bd4+ 22. Kh1 Bxg2+ 23. Kxg2 Bxc5 24. Qe5 Be7 25. Ne4 Nc4 26. Nf6+ Bxf6 27. Qxf6 Ne3+ 28. Kg1 Nxf1 29. Kxf1 Rac8 30. c3 Rfd8 31. h4 Rd5 32. g4 Rc4 33. Qf3 b4 34. cxb4 Rd2 35. Qa3 Rcc2 0-1

[Event "Niederrhein-ch"]
[Site "Krefeld"]
[Date "2013.03.24"]
[Round "2"]
[White "Waagener, Ulrich"]
[Black "Lukoviczki, Matyas"]
[Result "1-0"]
[WhiteElo "1996"]
[BlackElo "1759"]
[PlyCount "45"]
[EventDate "2013.03.23"]
[EventType "swiss"]
[EventRounds "7"]
[EventCountry "GER"]
[SourceTitle "EXT 2015"]
[Source "ChessBase"]
[SourceDate "2014.11.20"]
[SourceVersion "1"]
[SourceVersionDate "2014.11.20"]
[SourceQuality "1"]

1. e4 e5 2. Nf3 Nc6 3. d4 Bd6 4. dxe5 Nxe5 5. Nxe5 Bxe5 6. f4 Bf6 7. Bc4 d6 8. 0-0 Nh6 9. f5 Qe7 10. Nc3 c6 11. Bf4 Be5 12. f6 Qxf6 13. Qd2 Bxf4 14. Rxf4 Qe5 15. Kh1 Be6 16. Bxe6 fxe6 17. Raf1 0-0-0 18. Qf2 g5 19. Rf3 d5 20. Qxa7 d4 21. Na4 Ng4 22. Nb6+ Kc7 23. Rf7+ 1-0

[Event "NRW-ch"]
[Site "Muenster"]
[Date "2011.10.24"]
[Round "3"]
[White "Waagener, Ulrich"]
[Black "Rott, Georg"]
[Result "1-0"]
[WhiteElo "2228"]
[BlackElo "2219"]
[PlyCount "135"]
[EventDate "2011.10.23"]
[EventType "swiss"]
[EventRounds "7"]
[EventCountry "GER"]
[SourceTitle "EXT 2013"]
[Source "ChessBase"]
[SourceDate "2012.11.22"]
[SourceVersion "1"]
[SourceVersionDate "2012.11.22"]
[SourceQuality "1"]

1. e4 e6 2. d4 d5 3. Nc3 Bb4 4. Qd3 Nf6 5. e5 Ne4 6. a3 Bxc3+ 7. bxc3 c5 8. Nf3 f5 9. exf6 Qxf6 10. Qe3 Nc6 11. Bb5 0-0 12. 0-0 Ne7 13. Bb2 Nf5 14. Qe2 Nfd6 15. dxc5 Nxc5 16. a4 Nde4 17. Qe3 b6 18. a5 Rb8 19. Bd3 Rf7 20. axb6 Rxb6 21. Ba3 Nxd3 22. cxd3 Nxc3 23. Bc5 Rc6 24. Ne5 Rxc5 25. Qxc5 Qxe5 26. Qxc8+ Rf8 27. Qc5 Rf6 28. Qe3 Qh5 29. Kh1 Ne2 30. Rxa7 d4 31. Qh3 Qxh3 32. gxh3 h6 33. Rd7 e5 34. f3 Nf4 35. Rg1 Rf7 36. Rd8+ Kh7 37. Rd1 Nxh3 38. Kg2 Ng5 39. h4 Ne6 40. Rd6 Nf4+ 41. Kh2 Ng6 42. Kg3 Nf4 43. Rd2 h5 44. Kh2 Ng6 45. Kg3 Rf4 46. Rh2 Ne7 47. Re6 Nf5+ 48. Kf2 Ne3 49. Rxe5 Ng4+ 50. Kg3 Nxe5 51. Kxf4 Nxd3+ 52. Ke4 Nc5+ 53. Kxd4 Nd7 54. Ke4 Kg6 55. Rg2+ Kh6 56. Kf5 Nf8 57. Rd2 Kh7 58. Rd6 Kg8 59. Kg5 Kf7 60. Kxh5 Nh7 61. Ra6 Nf8 62. Kg5 Nh7+ 63. Kf5 Nf8 64. h5 Nh7 65. h6 gxh6 66. Rxh6 Nf8 67. Rf6+ Ke7 68. Rxf8 1-0

[Event "NRW-ch"]
[Site "Muenster"]
[Date "2011.10.23"]
[Round "2"]
[White "Molinaroli, Martin"]
[Black "Waagener, Ulrich"]
[Result "1-0"]
[WhiteElo "2288"]
[BlackElo "2228"]
[PlyCount "143"]
[EventDate "2011.10.23"]
[EventType "swiss"]
[EventRounds "7"]
[EventCountry "GER"]
[SourceTitle "EXT 2013"]
[Source "ChessBase"]
[SourceDate "2012.11.22"]
[SourceVersion "1"]
[SourceVersionDate "2012.11.22"]
[SourceQuality "1"]

1. e4 c5 2. Nc3 e6 3. f4 d5 4. Nf3 dxe4 5. Nxe4 Nc6 6. Bb5 Bd7 7. 0-0 Be7 8. d3 Nf6 9. a4 0-0 10. c3 a6 11. Bc4 Rb8 12. Qe2 b5 13. axb5 axb5 14. Bb3 b4 15. Bc2 g6 16. Ne5 bxc3 17. bxc3 Nxe4 18. Qxe4 Nxe5 19. fxe5 f5 20. exf6 Rxf6 21. Bf4 Rc8 22. Be5 Bc6 23. Qe2 Rxf1+ 24. Rxf1 Qd5 25. c4 Qd7 26. Bc3 Qd6 27. Re1 Kf7 28. Qe3 Bf8 29. Qf2+ Kg8 30. Qf6 e5 31. Bxe5 Qxf6 32. Bxf6 Bd7 33. Ra1 Bf5 34. Kf2 Rc6 35. Be5 Re6 36. Bc3 Re7 37. h3 h5 38. Ra8 Kf7 39. Ra1 Rd7 40. Ke2 Bd6 41. Rf1 Kg8 42. Kd2 Bf8 43. Be5 Bh6+ 44. Bf4 Bg7 45. Be3 Rc7 46. Rb1 Bf6 47. Rb5 Be7 48. Rb8+ Kf7 49. Bf4 Ra7 50. Rb5 Ke6 51. Rb6+ Kf7 52. Bd6 Bg5+ 53. Kc3 Bf6+ 54. Kb3 Ra1 55. Bxc5 Re1 56. Rb7+ Kg8 57. Bd6 Re2 58. g4 hxg4 59. hxg4 Bxg4 60. Bb4 Re8 61. Bc3 Bf3 62. Rb6 Bxc3 63. Kxc3 Kf7 64. d4 Rg8 65. Bb3 Rc8 66. c5+ Kg7 67. Bc2 Bh5 68. Be4 g5 69. c6 Be8 70. d5 Kf6 71. Kd4 Ke7 72. Ke5 1-0